000 00374nam a2200157Ia 4500
008 221030s9999 xx 000 0 und d
020 _a8120724127
041 _aEnglish
082 _a105.23
_bBha
100 _aA. K. Bhatia
245 0 _aInternational Tourism Management
260 _bSterling Pub.
_aNew Delhi
_c2004
300 _a539
650 _aManagement
942 _cBK
999 _c984
_d984